000
00372nam a22001457a 4500
008
230227b |||||||| |||| 00| 0 eng d
020
_a
978-0-09-955878-1
082
_a
813.54
100
_a
Amor Towles
245
_a
A Gentleman in Moscow
_c
Amor Towles
260
_b
Windmill
_c
2016
300
_a
462 p.
_c
19.7 cm
942
_2
ddc
999
_c
9322
_d
9323